Na vlásku - Kdy začnu žít se ptám (text) - Statistics

General Stats
  • This quiz has been taken 65 times
  • The average score is 124 of 245
Answer Stats
Answer % Correct
S
100%
se
98%
kdy
93%
Kdy
93%
a
90%
A
90%
Ó
90%
v
90%
začnu
90%
žít
90%
ptám
88%
na
81%
Na
81%
si
79%
čtu
76%
Ne
76%
pak
76%
Pak
76%
74%
je
74%
dva
71%
71%
to
71%
tři
71%
zametu
71%
někdy
69%
svou
69%
obrázky
67%
paletou
67%
román
64%
čtvrt
62%
osm
62%
prach
62%
zas
62%
zdobím
62%
i
60%
znova
60%
co
57%
den
57%
vlas
57%
celý
55%
dům
55%
když
52%
než
52%
spletu
52%
tak
52%
Tak
52%
začne
52%
češu
50%
oběd
50%
Odbije
50%
pár
50%
stejně
50%
tónů
50%
vařit
50%
dám
48%
mám
48%
Mám
48%
sedmá
48%
Vymetu
48%
zítra
48%
jak
45%
ve
45%
vlasy
45%
dál
43%
jsem
43%
málo
43%
maluju
43%
43%
mi
40%
peču
40%
tam
40%
ten
40%
mat
38%
38%
neochvějně
38%
své
38%
svět
38%
Teď
38%
čas
36%
dnes
36%
frak
36%
kam
36%
kde
36%
leštím
36%
mamá
36%
Voskuju
36%
drhnu
33%
knížky
33%
pidi
33%
pusť
33%
roj
33%
zvou
33%
jsou
31%
kolem
31%
pádí
31%
ptát
31%
starší
31%
stébla
31%
světélek
31%
Ušiju
31%
přát
29%
tenčí
29%
terč
29%
trefím
29%
véču
29%
dávám
26%
hravě
26%
odlétnou
26%
Pascalem
26%
přijde
26%
skrytá
26%
staré
26%
svíčkama
26%
tvrdnout
26%
tvrdnu
26%
běhat
24%
jo?
24%
krásně
24%
lámu
24%
masce
24%
tančit
24%
cítit
21%
Cvičím
21%
dřem
21%
Hlavu
21%
můžu
21%
Nebo
21%
právě
21%
roztančit
21%
ruce
21%
tělo
21%
ti
21%
začla
21%
zpestřím
21%
zrak
21%
ale
19%
jen
19%
skákat
19%
smím
19%
srdce
19%
jít?
17%
lítat
17%
volná
17%
zahřejí
17%
dělat
14%
hopsat
14%
jako
14%
mém
14%
nevím
14%
poprvé
14%
slyšet
14%
snu
14%
vánek
14%
volá
14%
všechno
14%
vyhrát
14%
zve
14%
chce
12%
chyby
12%
krůček
12%
Litují
12%
malý
12%
slova
12%
svádějí
12%
Vždyť
12%
zaváhali
12%
dlani
10%
Veliký
10%
No matching quizzes found
Score Distribution
Percent of People with Each Score
Percentile by Number Answered
Your Score History
You have not taken this quiz